000 00242nam a22001097a 4500
082 _a624.171PIP
100 _aPipard A J S
245 _aThe analysis of engineering structures
260 _aLondon
_bEdward
_c1968
300 _a575
942 _cBK
999 _c15303
_d15303